000
00275 a2200145 4500
001
168944
020
_a
040
_c
Magnum
100
_a
Gabriel, Paulo
240
1
0
_a
Ficar
_l
por
245
1
0
_a
Ficar
362
0
_a
1899
697
_a
J/ADOLESCENTE, NAMORO
942
_c
BK
999
_c
168944
_d
168944